000
00293nam a2200121Ia 4500
008
220216s9999 xx 000 0 und d
100
_a
Boocock D
245
2
_a
A new wood preservative for estates
260
_b
Planter
_c
1956
300
_a
258-261
650
_a
Wood preservative
942
_c
JS
999
_c
53457
_d
53457